|
|
|
|
| LEADER |
00000cam a22000004a 4500 |
| 001 |
musev2_20172 |
| 003 |
MdBmJHUP |
| 005 |
20230905042146.0 |
| 006 |
m o d |
| 007 |
cr||||||||nn|n |
| 008 |
120314t20122012quc o 00 0 fre d |
| 020 |
|
|
|a 9782760533936
|
| 020 |
|
|
|z 9782760533929
|
| 035 |
|
|
|a (OCoLC)843209671
|
| 040 |
|
|
|a MdBmJHUP
|c MdBmJHUP
|
| 245 |
0 |
0 |
|a Pratiques performatives /
|c sous la direction de Josette Feral.
|
| 264 |
|
1 |
|a Quebec [Que.] :
|b Presses de l'Universite du Quebec,
|c 2012
|
| 264 |
|
3 |
|a Baltimore, Md. :
|b Project MUSE,
|c 2012
|
| 264 |
|
4 |
|c ©2012
|
| 300 |
|
|
|a 1 online resource (374 pages):
|b illustrations, numerique, fichier PDF
|
| 336 |
|
|
|a text
|b txt
|2 rdacontent
|
| 337 |
|
|
|a computer
|b c
|2 rdamedia
|
| 338 |
|
|
|a online resource
|b cr
|2 rdacarrier
|
| 490 |
0 |
|
|a Le spectaculaire, Série Théâtre,
|x 1953-2342
|
| 500 |
|
|
|a Publie dans le cadre de la Bibliotheque numerique canadienne, la Collection des editeurs canadiens.
|
| 500 |
|
|
|a Publ. en collab. avec: Presses universitaires de Rennes.
|
| 520 |
|
|
|a « À notre époque, les nouvelles technologies contribuent largement à l'évolution des langages scéniques modifiant profondément les conditions de représentation et intensifi ant toujours davantage les effets de présence et les effets de réel. Ces technologies sont souvent liées à l'émergence de nouvelles formes scéniques qui transgressent les limites des disciplines et se caractérisent par des spectacles à l'identité instable, mouvante, en perpétuelle redéfinition. »--
|c Résumé de l'éditeur.
|
| 546 |
|
|
|a Texte en français seulement.
|
| 588 |
|
|
|a Description based on print version record.
|
| 650 |
|
7 |
|a Performing arts.
|2 fast
|0 (OCoLC)fst01057887
|
| 650 |
|
7 |
|a New media art.
|2 fast
|0 (OCoLC)fst01748191
|
| 650 |
|
7 |
|a Human figure in art.
|2 fast
|0 (OCoLC)fst01896063
|
| 650 |
|
7 |
|a Expression.
|2 fast
|0 (OCoLC)fst00918881
|
| 650 |
|
6 |
|a Expression corporelle.
|
| 650 |
|
6 |
|a Corps humain dans l'art.
|
| 650 |
|
6 |
|a Arts du spectacle.
|
| 650 |
|
6 |
|a Arts mediatiques.
|
| 650 |
|
0 |
|a Expression.
|
| 650 |
|
0 |
|a Human figure in art.
|
| 650 |
|
0 |
|a Performing arts.
|
| 650 |
|
0 |
|a New media art.
|
| 655 |
|
6 |
|a Livres electroniques.
|
| 655 |
|
7 |
|a Electronic books.
|2 local
|
| 700 |
1 |
|
|a Feral, Josette.
|
| 710 |
2 |
|
|a Project Muse.
|e distributor
|
| 830 |
|
0 |
|a Book collections on Project MUSE.
|
| 856 |
4 |
0 |
|z Texto completo
|u https://projectmuse.uam.elogim.com/book/20172/
|
| 945 |
|
|
|a Project MUSE - Custom Collection
|
| 945 |
|
|
|a Project MUSE - 2012 Complete
|
| 945 |
|
|
|a Project MUSE - 2012 Film, Theater and Performing Arts
|